Dizionario moderno italiano-spagnuolo e spagnuolo-italiano : parte italiana-spagnuola /

Gespeichert in:
Bibliographische Detailangaben
1. Verfasser: Frisoni, Gaetano (autor)
Format: Buch
Sprache:Italienisch
Veröffentlicht: Milán, Italia : Ulrico Hoepli, 1996, c1989
Ausgabe:2a edición
Schlagworte:
Tags: Tag hinzufügen
Keine Tags, Fügen Sie das erste Tag hinzu!

MARC

LEADER 00000nam^a2200000^a^4500
001 000054573
005 20250521000000.0
009 20260526115550.346
020 |a 88-203-0229-2 
037 |a Acervo ITESO - Biblioteca 
041 |a ITA 
082 |a 453.  |b FRI V. 2 
100 |a Frisoni, Gaetano  |e (autor) 
240 1 1 |a [Diccionario moderno español-italiano e italiano-español] 
245 1 0 |a Dizionario moderno italiano-spagnuolo e spagnuolo-italiano :  |b parte italiana-spagnuola /  |c G. Frisoni. 
250 |a 2a edición 
264 4 |a Milán, Italia :  |b Ulrico Hoepli,  |c 1996, c1989 
300 |a X, 1118 p. 
336 |a texto  |b txt  |2 rdacontenido 
337 |a sin mediación  |b n  |2 rdamedio 
338 |a volumen  |b nc  |2 rdasoporte 
546 |a Edición bilingüe español-italiano 
649 |a XX 
650 |a Italiano-Español -  |x Enciclopedias y Diccionarios 
650 |a Lenguas Romances -  |x Enciclopedias y Diccionarios 
650 |a Lenguas Itálicas -  |x Enciclopedias y Dicccionarios 
650 |a Lenguas Indo-Europeas -  |x Enciclopedias y Diccionarios 
650 |a Lenguas -  |x Enciclopedias y Diccionarios 
650 |a Gramática 
650 |a Lingüística 
650 |a Enciclopedias y Diccionarios Bilingües 
910 |a Fondo General 
920 |a Impresos - Libros 
930 |a Obras de Referencia 
905 |a 102 
901 |a 0500013221  |b IT2  |c REF  |u 20250521 
902 |a https://opac.biblio.iteso.mx/vufind/Record/000054573